<?xml version="1.0" encoding="UTF-8"?>
<record
    xmlns:xsi="http://www.w3.org/2001/XMLSchema-instance"
    xsi:schemaLocation="http://www.loc.gov/MARC21/slim http://www.loc.gov/standards/marcxml/schema/MARC21slim.xsd"
    xmlns="http://www.loc.gov/MARC21/slim">

  <leader>01024nam a2200253 a 4500</leader>
  <controlfield tag="001">79963</controlfield>
  <controlfield tag="003">BD-RjUL</controlfield>
  <controlfield tag="005">20220613160129.0</controlfield>
  <controlfield tag="008">220613s2017    bg ||||| |||| 00| 0 ben d</controlfield>
  <datafield tag="020" ind1=" " ind2=" ">
    <subfield code="a">9847000002914</subfield>
  </datafield>
  <datafield tag="035" ind1=" " ind2=" ">
    <subfield code="a">(BD-RjUL)79963</subfield>
  </datafield>
  <datafield tag="040" ind1=" " ind2=" ">
    <subfield code="a">BD-RjUL</subfield>
    <subfield code="b">eng</subfield>
    <subfield code="c">BD-RjUL</subfield>
  </datafield>
  <datafield tag="041" ind1=" " ind2=" ">
    <subfield code="a">ben</subfield>
  </datafield>
  <datafield tag="082" ind1=" " ind2=" ">
    <subfield code="2">23</subfield>
    <subfield code="a">954.0252</subfield>
    <subfield code="b">BAB 2017</subfield>
  </datafield>
  <datafield tag="245" ind1=" " ind2=" ">
    <subfield code="a">&#x9AC;&#x9BE;&#x9AC;&#x9B0;&#x9C7;&#x9B0; &#x986;&#x9A4;&#x9CD;&#x9AE;&#x995;&#x9A5;&#x9BE; /</subfield>
    <subfield code="c">&#x985;&#x9A8;&#x9C1;&#x9AC;&#x9BE;&#x9A6; &#x9B6;&#x99A;&#x9C0;&#x9A8;&#x9CD;&#x9A6;&#x9CD;&#x9B0;&#x9B2;&#x9BE;&#x9B2; &#x9B0;&#x9BE;&#x9AF;&#x9BC;</subfield>
  </datafield>
  <datafield tag="260" ind1=" " ind2=" ">
    <subfield code="a">&#x9A2;&#x9BE;&#x995;&#x9BE; :</subfield>
    <subfield code="b">&#x99C;&#x9BE;&#x9A4;&#x9C0;&#x9AF;&#x9BC; &#x9B8;&#x9BE;&#x9B9;&#x9BF;&#x9A4;&#x9CD;&#x9AF; &#x9AA;&#x9CD;&#x9B0;&#x995;&#x9BE;&#x9B6;,</subfield>
    <subfield code="c">&#x9E8;&#x9E6;&#x9E7;&#x9ED;</subfield>
  </datafield>
  <datafield tag="300" ind1=" " ind2=" ">
    <subfield code="a">&#x9E7;&#x9ED;&#x9E6; &#x9AA;&#x9C3;.;</subfield>
    <subfield code="c">&#x9E8;&#x9E8; &#x9B8;&#x9C7;&#x9AE;&#x9BF;.</subfield>
  </datafield>
  <datafield tag="600" ind1=" " ind2=" ">
    <subfield code="a">&#x9AC;&#x9BE;&#x9AC;&#x9B0;, &#x9B9;&#x9BF;&#x9A8;&#x9CD;&#x9A6;&#x9C1;&#x9B8;&#x9CD;&#x9A4;&#x9BE;&#x9A8;&#x9C7;&#x9B0; &#x9B8;&#x9AE;&#x9CD;&#x9B0;&#x9BE;&#x99F;, </subfield>
    <subfield code="d">&#x9E7;&#x9EA;&#x9EE;&#x9E9;-&#x9E7;&#x9EB;&#x9E9;&#x9E6;</subfield>
    <subfield code="9">3578</subfield>
  </datafield>
  <datafield tag="600" ind1=" " ind2=" ">
    <subfield code="a">Babur, Emperor of Hindustan, </subfield>
    <subfield code="d">1483-1530</subfield>
    <subfield code="9">3579</subfield>
  </datafield>
  <datafield tag="650" ind1=" " ind2=" ">
    <subfield code="a">&#x9AD;&#x9BE;&#x9B0;&#x9A4;</subfield>
    <subfield code="x">&#x9AE;&#x9CB;&#x997;&#x9B2; &#x9B8;&#x9BE;&#x9AE;&#x9CD;&#x9B0;&#x9BE;&#x99C;&#x9CD;&#x9AF;</subfield>
    <subfield code="9">3580</subfield>
  </datafield>
  <datafield tag="650" ind1=" " ind2=" ">
    <subfield code="a">India</subfield>
    <subfield code="x">Mogul Empire</subfield>
    <subfield code="9">3581</subfield>
  </datafield>
  <datafield tag="700" ind1=" " ind2=" ">
    <subfield code="a">&#x9B0;&#x9BE;&#x9AF;&#x9BC;, &#x9B6;&#x99A;&#x9C0;&#x9A8;&#x9CD;&#x9A6;&#x9CD;&#x9B0;&#x9B2;&#x9BE;&#x9B2; </subfield>
    <subfield code="9">3582</subfield>
  </datafield>
  <datafield tag="942" ind1=" " ind2=" ">
    <subfield code="2">ddc</subfield>
    <subfield code="c">BK</subfield>
  </datafield>
  <datafield tag="999" ind1=" " ind2=" ">
    <subfield code="c">79963</subfield>
    <subfield code="d">79963</subfield>
  </datafield>
  <datafield tag="952" ind1=" " ind2=" ">
    <subfield code="0">0</subfield>
    <subfield code="1">0</subfield>
    <subfield code="2">ddc</subfield>
    <subfield code="4">0</subfield>
    <subfield code="7">1</subfield>
    <subfield code="8">NFIC</subfield>
    <subfield code="a">RUCL</subfield>
    <subfield code="b">RUCL</subfield>
    <subfield code="c">Reading</subfield>
    <subfield code="d">2022-04-17</subfield>
    <subfield code="e">Jatiya sahitya prakash</subfield>
    <subfield code="g">227.50</subfield>
    <subfield code="l">0</subfield>
    <subfield code="o">B 954.0252 BAB 2017</subfield>
    <subfield code="r">2022-06-13 00:00:00</subfield>
    <subfield code="t">C-1</subfield>
    <subfield code="w">2022-06-13</subfield>
    <subfield code="y">BK</subfield>
  </datafield>
  <datafield tag="952" ind1=" " ind2=" ">
    <subfield code="0">0</subfield>
    <subfield code="1">0</subfield>
    <subfield code="2">ddc</subfield>
    <subfield code="4">0</subfield>
    <subfield code="7">0</subfield>
    <subfield code="8">NFIC</subfield>
    <subfield code="a">RUCL</subfield>
    <subfield code="b">RUCL</subfield>
    <subfield code="c">GEN</subfield>
    <subfield code="d">2022-04-17</subfield>
    <subfield code="e">Jatiya sahitya prakash</subfield>
    <subfield code="g">227.50</subfield>
    <subfield code="l">1</subfield>
    <subfield code="o">B 954.0252 BAB 2017</subfield>
    <subfield code="r">2024-06-06 00:00:00</subfield>
    <subfield code="s">2024-06-05</subfield>
    <subfield code="t">C-2</subfield>
    <subfield code="w">2022-06-13</subfield>
    <subfield code="y">BK</subfield>
  </datafield>
</record>
